Tous les cantons du Nord sur une carte - Statistiques

Statistiques générales
  • Ce quiz a été pris 184 fois
  • Le résultat moyen est 24 sur 41
Réponses sur la Carte
Les réponses sont colorées sur une échelle allant du rouge au vert en fonction du pourcentage des utilisateurs qui les ont devinées à leur premier essai. Vous pouvez retrouver ces pourcentages ci-dessous.
 
Statistiques - réponses
Canton % Correct
Lille-1
100%
Lille-2
100%
Lille-3
100%
Lille-4
100%
Lille-5
100%
Lille-6
100%
Dunkerque-1
98%
Dunkerque-2
98%
Roubaix-1
96%
Roubaix-2
96%
Tourcoing-1
95%
Tourcoing-2
95%
Valenciennes
92%
Douai
83%
Cambrai
81%
Maubeuge
75%
Villeneuve-d'Ascq
74%
Avesnes-sur-Helpe
69%
Armentières
68%
Hazebrouck
63%
Croix
48%
Grande-Synthe
46%
Fourmies
42%
Saint-Amand-les-Eaux
40%
Denain
39%
Coudekerque-Branche
37%
Orchies
37%
Bailleul
36%
Aulnoye-Aymeries
29%
Aulnoy-lez-Valenciennes
29%
Lambersart
29%
Caudry
27%
Sin-le-Noble
26%
Wormhout
26%
Templeuve-en-Pévèle
25%
Anzin
24%
Faches-Thumesnil
23%
Le Cateau-Cambrésis
21%
Marly
20%
Aniche
18%
Annœullin
14%
Aucun quiz correspondant
Distribution des résultats
% des personnes avec chaque résultat
Percentile par nombre de réponses
Votre historique - résultats
Vous n’avez pas pris ce quiz